00297nam a2200133Ia 4500003000400000005001700004008004100021020001500062040001700077100002000094245002200114260001800136260000900154OSt20240318123645.0170524s9999 xx 000 0 und d a8121997720 cIIMTU MEERUT aNegi - Jagmohan 0aFood and Beverage bKanishka Pub. c1999